000 00323nam a2200097Ia 4500
008 220214s9999 xx 000 0 und d
100 _aChacko
_A Kallivayalil
245 0 _aCommercial exploitation of rubber trees
260 _bAll India Rubber Planters' Conference, 27th December 1966, Mundakayam, Kottayam
_c1966
942 _cRE
999 _c46285
_d46285